Statistics for Map of Oceania with Country Flags

Click here to take the quiz!

General Stats

  • This quiz has been taken 116 times
    (101 since last reset)
  • The average score is 20 of 27

Answer Stats

FlagCountry/Territory% Correct
Australia
92%
New Zealand
90%
Federated States of Micronesia
88%
Palau
88%
Samoa
87%
Fiji
87%
Papua New Guinea
87%
Tonga
85%
Vanuatu
83%
Solomon Islands
83%
Marshall Islands
83%
Nauru
82%
Tuvalu
78%
Kiribati
77%
Guam
75%
French Polynesia
70%
Niue
67%
American Samoa
67%
Hawaii
67%
Cook Islands
65%
New Caledonia
65%
Pitcairn Islands
63%
Norfolk Island
58%
Tokelau
58%
Northern Mariana Islands
57%
Wallis and Futuna
52%
Wake Island
50%

Score Distribution

Percentile by Number Answered

Percent of People with Each Score

Your Score History

You have not taken this quiz since the last reset